01015cam a2200313 i 4500001001000000003000900010005001700019007000300036008004100039020001800080040003000098049000900128082001200137100005100149245004200200264003600242300002700278336002700305337003300332338002800365490004300393590002600436650002800462650004300490910001500533942001400548952012200562999001700684000034611DO-SdBNP20231010103840.0ta931025s2007 sp a b 001 0 spa d a9788497644709 aDO-SdBNPbspacBNPHUerda aBNGR 4bQ5s2221 aQuevedo, Francisco de,d1580-164596261eautor14aLos sueños /cFrancisco de Quevedo. aMadrid :bEdimat Libros,c2007. a176 páginas;c20 cm. 2rdacontentatextobtxt 2rdamediaasin mediaciónbn 2rdacarrieravolumenbnc aClásico de la literatura.aNarrativa aInventariado, 2023/BT 4aNovela española91123 4aLiteratura españolaySiglo XVI98688 aBtavárez 2ddccLBS1 00102ddc56708GRaBNPHUbBNPHUcCTd2011-10-10l0oBNPHU Q5sp34611-10r2020-06-25w2020-06-25yLBS1ZNo se presta c34102d34102